000 00300nam a22001217a 4500
082 _a823
_bJAI/P
100 _aJAIN, KULDEEP
245 _aTHE PIED PIPER OF HAMELIN
246 _aTHE PIED PIPER OF HAMELIN
_bTHE PIED PIPER OF HAMELIN
260 _aNEW DELHI
_bPEGASUS
_c2025
300 _a16
942 _cBK
999 _c9168
_d9168